<?xml version="1.0" encoding="UTF-8"?>
<record
    xmlns:xsi="http://www.w3.org/2001/XMLSchema-instance"
    xsi:schemaLocation="http://www.loc.gov/MARC21/slim http://www.loc.gov/standards/marcxml/schema/MARC21slim.xsd"
    xmlns="http://www.loc.gov/MARC21/slim">

  <leader>00663nam a2200217I  4500</leader>
  <datafield tag="999" ind1=" " ind2=" ">
    <subfield code="c">10641</subfield>
    <subfield code="d">10641</subfield>
  </datafield>
  <controlfield tag="001">702245</controlfield>
  <controlfield tag="003">OSt</controlfield>
  <controlfield tag="005">20210301151858.0</controlfield>
  <controlfield tag="008">730927|1966|||||||          |||| ||eng|c</controlfield>
  <datafield tag="040" ind1=" " ind2=" ">
    <subfield code="a">Cooperative Coll Lib Ctr,Atlanta</subfield>
    <subfield code="c">DDC</subfield>
  </datafield>
  <datafield tag="050" ind1=" " ind2=" ">
    <subfield code="b">EL47M</subfield>
  </datafield>
  <datafield tag="082" ind1=" " ind2=" ">
    <subfield code="b">EL47M</subfield>
  </datafield>
  <datafield tag="090" ind1=" " ind2=" ">
    <subfield code="a">BS2665.3</subfield>
    <subfield code="b">.E11</subfield>
  </datafield>
  <datafield tag="100" ind1="1" ind2=" ">
    <subfield code="a">Ellison, H. L.</subfield>
    <subfield code="q">(Henry Leopold),</subfield>
    <subfield code="d">1903-</subfield>
  </datafield>
  <datafield tag="245" ind1="1" ind2="4">
    <subfield code="a">The mystery of Israel:</subfield>
    <subfield code="b">an exposition of Romans 9-11,</subfield>
    <subfield code="c">by H.L. Ellison</subfield>
  </datafield>
  <datafield tag="260" ind1=" " ind2=" ">
    <subfield code="a">Grand Rapids,</subfield>
    <subfield code="b">Eerdmans</subfield>
    <subfield code="c">[1966]</subfield>
  </datafield>
  <datafield tag="300" ind1=" " ind2=" ">
    <subfield code="a">96 p.</subfield>
    <subfield code="c">21 cm</subfield>
  </datafield>
  <datafield tag="504" ind1=" " ind2=" ">
    <subfield code="a">Includes bibliographical references</subfield>
  </datafield>
  <datafield tag="630" ind1="0" ind2="0">
    <subfield code="a">Bible.</subfield>
    <subfield code="p">New Testament</subfield>
    <subfield code="p">Romans IX-XI</subfield>
    <subfield code="x">Commentaries</subfield>
  </datafield>
  <datafield tag="942" ind1=" " ind2=" ">
    <subfield code="2">ddc</subfield>
    <subfield code="c">BK</subfield>
  </datafield>
  <datafield tag="952" ind1=" " ind2=" ">
    <subfield code="0">0</subfield>
    <subfield code="1">0</subfield>
    <subfield code="2">ddc</subfield>
    <subfield code="4">0</subfield>
    <subfield code="7">0</subfield>
    <subfield code="8">NFIC</subfield>
    <subfield code="a">HMC</subfield>
    <subfield code="b">HMC</subfield>
    <subfield code="c">GEN</subfield>
    <subfield code="d">2021-03-08</subfield>
    <subfield code="l">0</subfield>
    <subfield code="o">227.1 EL47M</subfield>
    <subfield code="p">012382</subfield>
    <subfield code="r">2021-03-08 00:00:00</subfield>
    <subfield code="w">2021-03-08</subfield>
    <subfield code="y">BK</subfield>
  </datafield>
</record>
